000 00679nam a22002297a 4500
003 UA-OsUOA
001 32123
007 ta
008 20050124b un ||||| |||| 00| 0 ukr d
090 _a141.82:929
_bС24
942 _cBK
040 _aUA-OsUOA
_brus
_cUA-OsUOA
_dUA-OsUOA
245 _aСветом ленинских идей
_bРассказы о соратниках и современниках В. И. Ленина
_cСост. Л. Д.Давыдов
300 _a432 с.
_bІлюстрації
955 _a0
041 _arus
080 _a141.82:929
260 _aМосква
_bПолитиздат
_c1969
044 _aRU
650 7 _2UDC
999 _c318561
_d318561